The robotics revolution: the complete guide for managers
Uloženo v:
| Hlavní autor: | |
|---|---|
| Médium: | Kniha |
| Jazyk: | angličtina |
| Vydáno: |
Oxford
Basil Blackwell
1984
|
| Témata: | |
| Tagy: |
Přidat tag
Žádné tagy, Buďte první, kdo vytvoří štítek k tomuto záznamu!
|
MARC
| LEADER | 00000nam a2200000 a 4500 | ||
|---|---|---|---|
| 001 | UCQ3490 | ||
| 003 | CL-VaPUC | ||
| 008 | 980821e19840000UK |||||||||||||||||eng|d | ||
| 082 | 0 | 4 | |a 629.8 |b SCO |2 21 |
| 100 | 0 | |a Scott, Peter B |e author |9 417697 | |
| 245 | 1 | 4 | |a The robotics revolution: the complete guide for managers |
| 300 | |a 345 p | ||
| 942 | |c BK | ||
| 945 | |d 19980821 00:00:00 |a mvenant | ||
| 260 | |a Oxford |b Basil Blackwell |c 1984 | ||
| 650 | 7 | |a ROBOTICA INDUSTRIAL |2 CL-VaPUC |9 417698 | |
| 650 | 0 | |a Tecnología |9 256742 | |
| 650 | 0 | |a Cibernética |9 270269 | |
| 650 | 0 | |a Sistemas de control |9 263596 | |
| 583 | |a last modification |c 19980821 00:00:00 |k Rodrigo Vera | ||
| 999 | |c 274061 |d 274059 | ||
| 952 | |0 0 |1 0 |4 0 |6 629_800000000000000_SCO_1984 |7 0 |8 A |9 310116 |a BIBING |b BIBING |d 2019-11-20 |i 3457001 |o 629.8 SCO 1984 |p 3457001 |r 2025-01-20 |w 2019-11-20 |y BK |k EII | ||